L 14 letiská I. zväzok Navrhovanie a prevádzka letísk

Bibliographic Details
Corporate Author: Slovensko. Ministerstvo dopravy, pôšt a telekomunikácií. Sekcia civilného letectva (Author)
Format: Book
Language:Slovak
PhysicalDescription:223 s. ilustr. 29 cm
Published: Bratislava Letové prevádzkové služby Slovenskej republiky 2003
ISBN:8096874756
Edition:1. vyd.
Subjects:

MARC

LEADER 00000nam a2200000 a 4500
001 vtls001468921
003 SK-MaSNL
005 20260301140129.0
008 160830s2003 xo a 0 slo
015 |a SNBA2004/09-05048 
020 |a 8096874756 
035 |a SNK000424226 
040 |a SNK  |b slo  |c SNK  |e AACR2 
041 0 |a slo 
044 |a xo  |c SK 
072 7 |a 656.6/.7  |x Vodná a letecká doprava  |2 konspekt 
080 |a 656.7(035)  |2 2. slo 
080 |a 656.7  |2 1981 
080 |a 656.71  |2 1981 
080 |a (035)  |2 1981 
110 0 |a Slovensko.  |b Ministerstvo dopravy, pôšt a telekomunikácií.  |b Sekcia civilného letectva  |4 aut  |9 68750 
245 1 |a L 14 letiská  |c [autor: Ministerstvo dopravy, pôšt a telekomunikácií Slovenskej republiky]  |n I. zväzok  |p Navrhovanie a prevádzka letísk 
250 |a 1. vyd. 
260 |a Bratislava  |b Letové prevádzkové služby Slovenskej republiky  |c 2003 
300 |a 223 s.  |b ilustr.  |c 29 cm 
500 |a Skratky, symboly a manuály 
650 0 7 |a letecká doprava  |2 SNKPH  |9 50044 
650 0 7 |a letiská  |2 SNKPH  |9 3006 
650 0 7 |a letová prevádzka  |2 SNKPH  |9 68907 
655 7 |a príručky  |2 SNKPH  |9 74364 
919 |a 80-968747-5-6 
958 |a OND 
968 |d 65 
999 |c 762562  |d 764492 
952 |t P60, <04>, [BOOK], {604}  |a SNK  |b SNK  |y VYP  |7 0  |p 17A0415587  |o snkSB 68089/1 D1  |i snkKSP 2521/2004  |0 0  |1 0  |4 0  |d 2004-02-19  |l 0  |r 2005-01-02 00:00:00  |w 2026-02-24 
952 |t P60, <03>, [BOOK], {603}  |a SNK  |b SNK  |y PREZ  |7 0  |p 17A0415594  |o snkSB 68089/1  |i snkKSP 2520/2004  |0 0  |1 0  |4 0  |d 2004-02-19  |l 0  |r 2025-04-16 00:00:00  |w 2026-02-24